[Event "Golden Cleopatra Open"]
[Site "Cairo EGY"]
[Date "2001.05.11"]
[Round "10"]
[White "Mirzoev,A"]
[Black "Medvegy,Z"]
[Result "1-0"]
[WhiteElo "2488"]
[BlackElo "2444"]
[EventDate "2001.05.02"]

1. d4 Nf6 2. Nf3 e6 3. c4 b6 4. Nc3 Bb7 5. a3 d5 6. Bg5 Be7 7. e3 Nbd7 8.
cxd5 Nxd5 9. Bxe7 Qxe7 10. Nxd5 Bxd5 11. Rc1 Qd6 12. Qc2 c5 13. dxc5 bxc5
14. Bd3 h6 15. O-O O-O 16. Rfd1 Qe7 17. Bb5 Bxf3 18. Rxd7 Qg5 19. Bf1 Rfc8
20. b4 c4 21. Rd4 Bb7 22. Qd2 Bd5 23. f4 Qg6 24. Bxc4 Bxc4 25. Rdxc4 Rxc4
26. Rxc4 Qb1+ 27. Qc1 Qd3 28. Rc3 Qe4 29. Qc2 Qd5 30. Rc8+ Rxc8 31. Qxc8+
Kh7 32. Qc2+ f5 33. h3 Qd6 34. Qc5 Qd7 35. b5 Qd1+ 36. Kh2 Qa4 37. Qe7 Qxb5
38. Qxa7 e5 39. a4 Qd5 40. Qc7 exf4 41. exf4 Qe4 42. a5 Qa4 43. Qe5 g6 44.
Qe7+ Kg8 45. Qd6 1-0

[Event "Golden Cleopatra Open"]
[Site "Cairo EGY"]
[Date "2001.05.11"]
[Round "10"]
[White "Kasparov,S"]
[Black "Radulov,I"]
[Result "1-0"]
[WhiteElo "2456"]
[BlackElo "2390"]
[EventDate "2001.05.02"]

1. d4 c5 2. d5 Nf6 3. Nc3 g6 4. e4 d6 5. Nf3 Bg7 6. Bb5+ Nbd7 7. a4 O-O 8.
O-O Rb8 9. Re1 a6 10. Bf1 Ne8 11. a5 Nc7 12. Na4 Kh8 13. Bd2 Nb5 14. c4 Nc7
15. Bc3 Bxc3 16. Nxc3 f6 17. Qd2 b5 18. axb6 Rxb6 19. Na4 Rb4 20. Re3 Ne5
21. Nxe5 fxe5 22. Nc3 Bd7 23. Na2 Rb6 24. b4 cxb4 25. Nxb4 Qb8 26. Nd3 Rb3
27. Qc2 Bc8 28. Ree1 e6 29. Reb1 Rxb1 30. Rxb1 Qa7 31. c5 dxc5 32. Nxe5
exd5 33. Nc6 Qa8 34. Qc3+ d4 35. Qxc5 Ne6 36. Qe5+ Kg8 37. Nxd4 Nxd4 38.
Qxd4 Be6 39. Rb6 1-0

[Event "Golden Cleopatra Open"]
[Site "Cairo EGY"]
[Date "2001.05.11"]
[Round "10"]
[White "Omearat,A"]
[Black "Velicka,P"]
[Result "1-0"]
[WhiteElo "2226"]
[BlackElo "2451"]
[EventDate "2001.05.02"]

1. d4 Nf6 2. Nf3 c5 3. d5 e6 4. c4 exd5 5. cxd5 d6 6. Nc3 g6 7. e4 Bg7 8.
Bd3 O-O 9. h3 b6 10. O-O Ba6 11. Bxa6 Nxa6 12. Bf4 Nc7 13. a4 a6 14. Nd2
Nfe8 15. Nc4 Rb8 16. e5 dxe5 17. Bxe5 Bxe5 18. Nxe5 Ra8 19. Qb3 b5 20. axb5
axb5 21. Nc6 c4 22. Qc2 Qd7 23. Rxa8 Nxa8 24. Nxb5 Nb6 25. Rd1 Nd6 26. Nc3
Ra8 27. Qd2 Nbc8 28. Re1 Nf5 29. Ne4 Qb7 30. g4 Nh4 31. Qh6 1-0

[Event "Golden Cleopatra Open"]
[Site "Cairo EGY"]
[Date "2001.05.11"]
[Round "10"]
[White "Surjadnji,A"]
[Black "Roeder,M"]
[Result "1/2-1/2"]
[WhiteElo "2431"]
[BlackElo "2459"]
[EventDate "2001.05.02"]

1. d4 Nf6 2. Nf3 g6 3. Bg5 Bg7 4. Nbd2 O-O 5. e4 d6 6. c3 Nc6 7. Be2 h6 8.
Bh4 e5 9. dxe5 dxe5 10. Qc2 Qe8 1/2-1/2

[Event "Golden Cleopatra Open"]
[Site "Cairo EGY"]
[Date "2001.05.11"]
[Round "10"]
[White "Abdel Razik,K"]
[Black "Himdan,M"]
[Result "1/2-1/2"]
[WhiteElo "2365"]
[BlackElo "2348"]
[EventDate "2001.05.02"]

1. d4 d6 2. Nf3 Nf6 3. g3 g6 4. Bg2 Bg7 5. O-O O-O 6. c4 Nbd7 7. Nc3 e5 8.
h3 Re8 9. Be3 exd4 10. Nxd4 Nc5 11. Qc1 Nce4 12. Nxe4 Nxe4 13. Rd1 a6 14.
Nb3 Qe7 15. Bd4 Bf8 16. Rd3 c5 17. Be3 Bf5 18. g4 Ng3 19. Rd2 Be4 20. Bf3
Bc6 21. Na5 Ne4 22. Nxc6 bxc6 23. Rd3 Rab8 24. Rb1 Qe6 25. Qc2 d5 26. Ra3
Ra8 27. Rd1 f5 28. Ra5 Bd6 29. cxd5 cxd5 30. Bxc5 Bc7 31. Bxe4 fxe4 32. Ra3
Rac8 33. Qd2 Rcd8 34. Qg5 Be5 35. Bd4 Bd6 36. Rc3 Rb8 37. Rb3 Be7 38. Qh6
Bf8 39. Qe3 Rbc8 40. Rc1 Rxc1+ 41. Qxc1 Rc8 42. Rc3 Rc4 43. Rxc4 dxc4 44.
Qg5 Be7 45. Qa5 Qd6 46. e3 Kf7 47. Qa4 Qe6 48. b3 cxb3 49. Qxb3 Qxb3 50.
axb3 Ke6 51. f3 exf3 52. Kf2 Bd6 53. Kxf3 Be7 54. e4 Bd6 55. Ke3 Be7 56.
Bc3 Bd6 57. Kd4 Be7 58. Kc4 h5 59. gxh5 gxh5 60. Kd3 Bd6 1/2-1/2

[Event "Golden Cleopatra Open"]
[Site "Cairo EGY"]
[Date "2001.05.11"]
[Round "10"]
[White "Rahman,Ye"]
[Black "El Ghazali,Y"]
[Result "1/2-1/2"]
[WhiteElo "2267"]
[BlackElo "2343"]
[EventDate "2001.05.02"]

1. d4 Nf6 2. c4 c5 3. d5 e6 4. Nc3 exd5 5. cxd5 d6 6. Nf3 g6 7. e4 a6 8. a4
Bg4 9. Be2 Bxf3 10. Bxf3 Nbd7 11. O-O Bg7 12. Be3 1/2-1/2

[Event "Golden Cleopatra Open"]
[Site "Cairo EGY"]
[Date "2001.05.11"]
[Round "10"]
[White "Abou el Zein,E"]
[Black "El Arousy,A"]
[Result "1-0"]
[WhiteElo "2330"]
[BlackElo "2370"]
[EventDate "2001.05.02"]

1. Nf3 d5 2. d4 Nf6 3. c4 e6 4. Nc3 c6 5. cxd5 exd5 6. Bg5 Be7 7. e3 Bf5 8.
Bd3 Bxd3 9. Qxd3 Na6 10. O-O O-O 11. Ne5 Re8 12. Nxc6 bxc6 13. Qxa6 Qd7 14.
Bxf6 Bxf6 15. Rac1 Be7 16. Na4 Rac8 17. Rc3 Bd6 18. Rfc1 Re6 19. Nc5 Bxc5
20. Rxc5 Rc7 21. b4 Rg6 22. g3 h5 23. Qe2 Rb7 24. a3 h4 25. e4 hxg3 26.
hxg3 dxe4 27. Qxe4 Re6 28. Re5 Rxe5 29. dxe5 Rb6 30. Kg2 g6 31. Rc3 Qe6 32.
Rd3 Qe7 33. Rd6 Rb5 34. f4 Rb6 35. Qd4 Kh7 36. Qc5 Ra6 37. Qc3 Qb7 38. Kh2
Qb6 39. Qc4 Qb7 40. e6 Rxa3 41. exf7 Qe7 42. Rd7 Qf8 43. Kg2 a5 44. f5 gxf5
45. Qh4+ Kg6 46. Rd8 Ra2+ 47. Kh3 Qxd8 48. Qxd8 Kxf7 49. Qd7+ 1-0

[Event "Golden Cleopatra Open"]
[Site "Cairo EGY"]
[Date "2001.05.11"]
[Round "10"]
[White "Hatem,I"]
[Black "Ezat,M"]
[Result "0-1"]
[WhiteElo "2393"]
[BlackElo "2332"]
[EventDate "2001.05.02"]

1. e4 c6 2. d3 d5 3. Nc3 dxe4 4. Nxe4 Nf6 5. Nxf6+ exf6 6. Nf3 Bd6 7. Be3
O-O 8. Be2 Qc7 9. O-O c5 10. h3 Nc6 11. c3 Rd8 12. Qc2 h6 13. Rad1 Bf5 14.
Qc1 Re8 15. Rfe1 Rad8 16. a3 Re7 17. b4 b6 18. d4 cxd4 19. Nxd4 Nxd4 20.
Rxd4 Bh2+ 21. Kf1 Rxd4 22. Bxd4 Be5 23. Bb5 Qb7 24. Bxe5 Bxh3 25. gxh3 Rxe5
26. Kg1 Rg5+ 27. Kf1 Qg2+ 28. Ke2 Rxb5 29. Kd3 Rf5 30. c4 Qxf2 31. Re3 g5
32. c5 bxc5 33. bxc5 Rd5+ 34. Kc4 Rd2 35. Qe1 Rc2+ 36. Kb4 Rb2+ 37. Kc4
Qc2+ 38. Kd5 Qf5+ 39. Kd6 Qf4+ 40. Kc6 Qa4+ 41. Kd6 Rb8 42. Kc7 Qf4+ 43.
Kc6 Rc8+ 44. Kb5 a6+ 45. Kxa6 Qa4+ 0-1

[Event "Golden Cleopatra Open"]
[Site "Cairo EGY"]
[Date "2001.05.11"]
[Round "10"]
[White "Georg,Ma"]
[Black "Abdel Aziem,R"]
[Result "0-1"]
[WhiteElo "2277"]
[BlackElo "2269"]
[EventDate "2001.05.02"]

1. e4 e5 2. Nf3 Nc6 3. Bb5 a6 4. Ba4 Nf6 5. Qe2 Be7 6. c4 O-O 7. d3 d6 8.
h3 Bd7 9. Bxc6 bxc6 10. Nc3 Rb8 11. O-O c5 12. Nh2 Be6 13. f4 exf4 14. Bxf4
Nd7 15. Nf3 Bf6 16. Rab1 Re8 17. Qd2 h6 18. b3 Nf8 19. Rbe1 Ng6 20. Be3 a5
21. d4 cxd4 22. Nxd4 Bd7 23. Nf5 Bxf5 24. exf5 Ne5 25. Bd4 Kh7 26. Kh1 Ra8
27. Qc2 Nd7 28. Bxf6 Nxf6 29. Qd3 Re5 30. Rxe5 dxe5 31. Qf3 Ra6 32. Re1 Rd6
33. Rxe5 a4 34. bxa4 c6 35. c5 Rd3 36. Re3 Rd2 37. Qxc6 Qd4 38. Qf3 Qxc5
39. Qg3 Rc2 40. Kh2 Nh5 41. Qe1 Nf4 42. Rg3 Nxg2 43. Rxg2 Rxc3 44. Rg3 Rc1
45. Qe4 Rc4 46. Qf3 Rxa4 47. Rg2 Qe5+ 48. Qg3 Rf4 49. a4 h5 50. f6 g6 51.
Kg1 Qa1+ 52. Kh2 Rf1 53. Rg1 Qa2+ 54. Rg2 Qxa4 55. Rf2 Rc1 56. Qf3 Qd4 57.
Qf4 Qd1 58. Rg2 0-1

[Event "Golden Cleopatra Open"]
[Site "Cairo EGY"]
[Date "2001.05.11"]
[Round "10"]
[White "Yousry,S"]
[Black "Elgabry,M"]
[Result "1-0"]
[WhiteElo "2274"]
[BlackElo "2328"]
[EventDate "2001.05.02"]

1. e4 c5 2. Nc3 a6 3. g3 h5 4. Bg2 h4 5. g4 e6 6. h3 Nc6 7. d3 Be7 8. f4
Qc7 9. Nf3 d6 10. Be3 Bd7 11. Qe2 Bf6 12. Qf2 Qb6 13. Nd1 Bd4 14. O-O Bxe3
15. Nxe3 O-O-O 16. Nc4 Qc7 17. e5 dxe5 18. fxe5 Be8 19. Qxc5 Nge7 20. Ng5
Ng6 21. Nd6+ Rxd6 22. exd6 Qd7 23. Rae1 Nf8 24. d4 f6 25. d5 exd5 26. Bxd5
Kb8 27. Ne6 Nxe6 28. Bxe6 Qd8 29. Re3 Bd7 30. b4 Bxe6 31. Rxe6 Qd7 32. Rfe1
Rc8 33. Qb6 Ne5 34. Re7 Rc6 35. Rxd7 Rxb6 36. Rd8+ Ka7 37. Rd1 Rc6 38. d7
Rxc2 39. Ra8+ Kxa8 40. d8=Q+ Ka7 41. Qd4+ b6 42. Qe4 Rc3 1-0